DIGITAL SIGNAL PROCESSING (Record no. 80647)

MARC details
000 -LEADER
fixed length control field 00444nam a2200181Ia 4500
008 - FIXED-LENGTH DATA ELEMENTS--GENERAL INFORMATION
fixed length control field 090123s9999 xx 000 0 und d
082 ## - DEWEY DECIMAL CLASSIFICATION NUMBER
Item number 42581
100 ## - MAIN ENTRY--PERSONAL NAME
Personal name MARAKARKANDY BIJITH
245 ## - TITLE STATEMENT
Title DIGITAL SIGNAL PROCESSING
250 ## - EDITION STATEMENT
Edition statement 1
260 ## - PUBLICATION, DISTRIBUTION, ETC. (IMPRINT)
Date of publication, distribution, etc 1997
300 ## - PHYSICAL DESCRIPTION
Extent 260
600 ## - SUBJECT ADDED ENTRY--PERSONAL NAME
Personal name MARAKARKANDY BIJITH
630 ## - SUBJECT ADDED ENTRY--UNIFORM TITLE
Uniform title DIGITAL SIGNAL PROCESSING
700 ## - ADDED ENTRY--PERSONAL NAME
Personal name MARAKARKANDY BIJITH
730 ## - ADDED ENTRY--UNIFORM TITLE
Uniform title DIGITAL SIGNAL PROCESSING
942 ## - ADDED ENTRY ELEMENTS (KOHA)
Koha item type Book
Holdings
Withdrawn status Lost status Damaged status Not for loan Home library Current library Date acquired Cost, normal purchase price Total Checkouts Full call number Barcode Date last seen Cost, replacement price Price effective from Koha item type
        Jawahar Wachalanalaya, Kalwa Jawahar Wachalanalaya, Kalwa 05/21/2008 125.00   42581 KLW-42581 01/23/2009 125.00 01/23/2009 Book